Statistics for Norwegian Baby Boy Names by Year

Click here to take the quiz!

General Stats

  • This quiz has been taken 519 times
  • The average score is 44 of 120

Answer Stats

YearName% Correct
1990 | 2000Andreas
79%
1980 | 1990Thomas
61%
1980 | 1990 | 2010Kristian
57%
1910 | 1920 | 1980Ole
55%
1940 | 1950 | 1960 | 1970Bjørn
54%
1910 | 1920Hans
54%
1910 | 1920Johan
54%
1990 | 2000Martin
51%
1970 | 1980Lars
50%
1980 | 1990Anders
47%
1910 | 1940Harald
47%
1990 | 2000Daniel
46%
2010Magnus
46%
2000 | 2010Markus
46%
1940 | 1950 | 1960 | +2 othersJan
45%
2000 | 2010Jonas
45%
1910 | 1920 | 1930Olav
45%
1920 | 1930 | 1940 | +3 othersPer
45%
1940 | 1950 | 1960 | +2 othersTor
45%
2000Henrik
44%
2010 | 2016Lucas
44%
2010 | 2016William
44%
2016Jakob
39%
2010 | 2016Oliver
38%
2000Kristian
37%
1990 | 2000Kristoffer
36%
2016Noah
35%
1990 | 2010Alexander
33%
1990Marius
33%
2016Oskar
33%
2010 | 2016Emil
31%
1910 | 1920 | 1930 | +2 othersArne
29%
1960 | 1970Geir
29%
2000 | 2010 | 2016Mathias
28%
1970 | 1980Morten
28%
1930 | 1940 | 1950 | 1960Knut
27%
1910Olaf
27%
1910 | 1920Einar
24%
1930Gunnar
24%
1940 | 1950 | 1960Svein
24%
1930 | 1940 | 1950 | 1960Kjell
23%
2000Sander
23%
1920 | 1930Kåre
21%
1920 | 1930 | 1940 | 1950Odd
21%
1930Leif
20%
1970Trond
20%
2016Aksel
19%
1960 | 1970Rune
19%
1980 | 1990Stian
19%
1910Sverre
19%
1980Øyvind
18%
2016Filip
17%
1950 | 1960 | 1970Terje
17%
1920 | 1930Rolf
16%
1910Erling
13%

Score Distribution

Percentile by Number Answered

Percent of People with Each Score

Your Score History

You have not taken this quiz